| 000 | 00466nam a2200157 i 4500 | ||
|---|---|---|---|
| 001 | 190317 | ||
| 003 | ES-MaACL | ||
| 005 | 20250902004326.0 | ||
| 008 | 201106s1893 po |||| | por d | ||
| 110 | 2 |
_aAteneu Comercial do Porto _92062 |
|
| 245 | 1 | 0 | _aRelatorio e contas da direcçao do Atheneu Commercial do Porto... |
| 260 |
_aPorto : _b[s.n.], _c1893. |
||
| 610 | 2 | 4 |
_aAteneu Comercial do Porto _92062 |
| 852 |
_aES-MaACL _jT-695-F-2 |
||
| 999 |
_c190317 _d190317 |
||